Catálogo
 En Linea

Relojes biológicos / (Registro nro. 25139)

Detalles MARC
000 -CABECERA
campo de control de longitud fija 00580nam a2200181 a 4500
001 - NÚMERO DE CONTROL
campo de control 000025647
005 - FECHA Y HORA DE LA ÚLTIMA TRANSACCIÓN
campo de control 20200930023936.0
008 - DATOS DE LONGITUD FIJA--INFORMACIÓN GENERAL
campo de control de longitud fija 110218s1975 mx a r 000 0 spa d
040 ## - FUENTE DE LA CATALOGACIÓN
Centro catalogador/agencia de origen DO-SdBNP
Lengua de catalogación spa
Centro/agencia transcriptor BNPHU
082 ## - NÚMERO DE LA CLASIFICACIÓN DECIMAL DEWEY
Número de clasificación xxxxx
Número de documento/Ítem B877r
049 ## - FONDOS LOCALES (OCLC)
Fondos de biblioteca BNGR
100 1# - ENTRADA PRINCIPAL--NOMBRE DE PERSONA
Nombre de persona Brown Jr., Frank A.
9 (RLIN) 52382
245 10 - MENCIÓN DE TÍTULO
Título Relojes biológicos /
Mención de responsabilidad, etc. Frank A. Brown, Jr. ; traducción Luis Rios S.
260 ## - PUBLICACIÓN, DISTRIBUCIÓN, ETC.
Lugar de publicación, distribución, etc. México, D. F. :
Nombre del editor, distribuidor, etc. Continental,
Fecha de publicación, distribución, etc. 1975.
300 ## - DESCRIPCIÓN FÍSICA
Extensión 36 p. :
Otras características físicas il. ;
Dimensiones 23 cm.
500 ## - NOTA GENERAL
Nota general En la cubierta: Biological Sciences Curriculum Study
700 1# - PUNTO DE ACCESO ADICIONAL--NOMBRE DE PERSONA
Nombre de persona Rios S., Luis,
Término indicativo de función/relación tr.
9 (RLIN) 52383
Existencias
Estado de retiro Estado de pérdida Restricciones de uso No para préstamo Código de colección Localización permanente Ubicación/localización actual Ubicación en estantería Fecha de adquisición Número de inventario Total de préstamos Signatura topográfica completa Código de barras Fecha visto por última vez Precio válido a partir de Tipo de ítem Koha
        Monografías: Libros y Folletos General General En catalogación 18.02.2011 LF1   xxxxx B877r 25647-10 25.06.2020 25.06.2020 Préstamo en sala

Con tecnología Koha